| 000 | 00394nam a2200145Ia 4500 | ||
|---|---|---|---|
| 008 | 240624s9999 xx 000 0 und d | ||
| 041 | _aeng | ||
| 082 | _a658.15224 MCG | ||
| 100 | _aMCGUIGAN JAMES R | ||
| 245 | _aCONTEMPORARY CORPORATE FINANCE | ||
| 250 | _a(11th ed.) | ||
| 260 |
_c2009 _aAustralia _bSouth-Western Cengage Learning |
||
| 300 | _axxiv, : 786 : p. : cm. ; 25 | ||
| 365 |
_c _b30 |
||
| 999 |
_c14928 _d14928 |
||